00689nam a2200193Ia 4500952014400000999001500144003000400159005001700163008004100180020001800221040000900239082001700248100002500265245009000290260004700380300000900427650001900436942004000455 00102ddc40708PHYSICSaMESbMEScPHYd2019-02-20g985.00l2o536.7 ENG/Tp37518r2023-12-21 11:36:40s2023-12-07w2019-02-20yBKzGL13R2 c3573d3573OSt20200907122450.0190216s9999||||xx |||||||||||||| ||und|| a9788131712849 coclc a536.7bENG/T aEngel, Thomas 94186 0aThermodynamics, Statistical Thermodynamics And Kinetics /cThomas Engel ; Philip Reid bPearson Education Asia,c2013.aNew Delhi: a589p aThermodynamics cBK2ddch536.7iENG/Tk536.7mENG/T